000 00332nam a2200145Ia 4500
100 _aBurbbidge/J.L
942 _cBK
654 _aPrinciples Of Production Control
245 _aPrinciples Of Production Control
260 _bMacdonald
_aLondon
_c1981
082 _a658.5
_bBur
300 _a588
546 _aENGLISH
999 _c17965
_d17965